Nghệ thuật tỉa rau củ quả

Zapisane w:
Opis bibliograficzny
1. autor: Hách, Bỉnh Chiêu
Format: Książka
Język:Undetermined
Wydane: Hà Nội Mỹ thuật 2004
Hasła przedmiotowe:
Etykiety: Dodaj etykietę
Nie ma etykietki, Dołącz pierwszą etykiete!
Thư viện lưu trữ: Trung tâm Học liệu Trường Đại học Cần Thơ
LEADER 00544nam a2200181Ia 4500
001 CTU_92897
008 210402s9999 xx 000 0 und d
082 |a 745.92 
082 |b Ch309 
100 |a Hách, Bỉnh Chiêu 
245 0 |a Nghệ thuật tỉa rau củ quả 
245 0 |c Hách Bỉnh Chiêu biên soạn; Nguyễn Kim Dân dịch 
260 |a Hà Nội 
260 |b Mỹ thuật 
260 |c 2004 
650 |a Decorative arts 
904 |i Tuyến 
980 |a Trung tâm Học liệu Trường Đại học Cần Thơ